| 000 | 00924nam a2200289 4500 | ||
|---|---|---|---|
| 001 | 2185362 | ||
| 003 | ARRUPE | ||
| 005 | 20150217134059.0 | ||
| 008 | 720112r19711936nyua 001 0 eng | ||
| 010 | _a 71169781 | ||
| 020 | _a0836966015 | ||
| 040 |
_aDLC _cDLC _dDLC |
||
| 043 | _afc----- | ||
| 050 | 0 | 0 |
_aBV3520 _b.W5 1971 |
| 082 | 0 | 0 | _a266.3/67 |
| 100 | 1 |
_aWilson, George Herbert, _d1870- _914919 |
|
| 245 | 1 | 4 | _aThe history of the Universities' Mission to Central Africa. |
| 260 |
_aFreeport, N.Y., _bBooks for Libraries Press _c[1971] |
||
| 300 |
_axvi, 278 p. _billus. _c23 cm. |
||
| 500 | _aPublished originally in 1936 | ||
| 504 | _aReprint of the 1936 ed. | ||
| 610 | 2 | 0 |
_aUniversities' Mission to Central Africa. _99190 |
| 610 | 2 | 0 |
_aChurch of England _xMissions. _99191 |
| 650 | 0 |
_aMissions _zAfrica, Central. _914920 |
|
| 906 |
_a7 _bcbc _corignew _d2 _encip _f19 _gy-gencatlg |
||
| 942 |
_2lcc _cMONOGRAPH |
||
| 999 |
_c121976 _d121976 |
||